000
00296nam a22001337a 4500
008
181009b xxu||||| |||| 00| 0 eng d
020
_a
9780495996156
041
_a
eng
080
_2
14th
_a
610
100
_a
4
101
_a
MAT
245
_a
An Invitation to Health
_c
Hales,D
942
_2
udc
_c
BK
999
_c
49199
_d
49199